00866nam a2200217 i 4500003000900000005001700009007000300026008004100029020001900070040003000089082001700119100004500136245018500181264005300366300002800419336002700447337003400474338002800508500007300536700003900609DO-SdBNP20250425101727.0ta250425b2014 cu ||||| |||| 00| 0 spa d a97895922138338 aDO-SdBNPbspacBNPHUerda 4222axxxbxxx 4aut.aPeña Obregón, Ángela,eautor13aEl sitio de Holguín : cÁmgela Peña Obregón, José Abreu Cardet ; edición, Dunia Verdecia Carmenate ; corrección, Mayra Guerra Chacónbla pasión de un integrista / 4aLa Habana, Cuba :bEdiciones Holguín,c©2014. a172 páginas ;c21 cm. atextobtxt2rdacontent asin mediación bn2rdamedia avolumenbnc2rdacarrier aIncluye referencias bibliográficas y notas al pie de las páginas1 4aut.aAbreu Cardet, José,eautor